| 000 | 01266nam a22002417a 4500 | ||
|---|---|---|---|
| 003 | Uzh_bibl | ||
| 008 | 260420b |||||||| |||| 00| 0 ukr d | ||
| 020 | _c12,95 | ||
| 040 | _bукр. | ||
| 041 |
_2ukr _aukr |
||
| 080 | _a087,5 | ||
| 090 |
_a087,5 _bЛ 15 |
||
| 100 | _aЛадижець, Володимир | ||
| 245 |
_aСонце над верховиною _cМал.Амброза Жуковського _hТекст |
||
| 260 |
_aКиїв _b"Веселка" _c1979 |
||
| 300 |
_a32 с. _bіл. |
||
| 520 | _aДо збірки відомого українського радянського поета Володимира Ладижця ввійшли вірші про дружбу братерської сім'ї народів СРСР, про красу рідної природи, про велике щастя, яке принесло людям на західноукраїнські землі возз'єднання в одній великій і вільній державі. | ||
| 521 | _aДля молодшого шкільного віку | ||
| 546 | _aукр. | ||
| 653 |
_aМамина ланка _aКоваль _aБіля нашого села |
||
| 655 |
_aХудожня література _vВірші |
||
| 942 |
_2udc _cBK |
||
| 999 |
_c17411 _d17411 |
||